000 00878nam a22002297a 4500
003 UA-OsUOA
001 30004
007 ta
008 20041102b un ||||| |||| 00| 0 ukr d
090 _a947.477
_bМ61
942 _cBK
040 _aUA-OsUOA
_bukr
_cUA-OsUOA
_dUA-OsUOA
245 _aМинуле і сучасне Волині
_bтези доповідей та повідомлень Волинської регіональної історико-краєзнавчої конференції 26-28 вересня 1985 р.
_cРед. Н. В.Бурчак В. М.Мельник І. В.Кічий
300 _a294 с.
955 _a0
041 _aukr
080 _a947.477
260 _aЛуцьк
_bЛуцький Державний Педагогічний інститут ім. Лесі Українки
_c1985
044 _aUA
650 7 _2UDC
999 _c316404
_d316404